Transferencia de calor / (Registro nro. 29263)
[ vista simple ]
| 000 -LÍDER | |
|---|---|
| fixed length control field | 00586nam a22002177a 4500 |
| 003 - IDENTIFICADOR DEL NÚMERO DE CONTROL | |
| control field | ITZ |
| 005 - FECHA Y HORA DE LA ULTIMA TRANSACCIÓN | |
| Campo de control | 20240202124055.0 |
| 008 - ELEMENTOS DE LONGITUD FIJA -- INFORMACIÓN GENERAL | |
| fixed length control field | 240202b |||||||| |||| 00| 0 spa d |
| 020 ## - NÚMERO INTERNACIONAL NORMALIZADO PARA LIBROS | |
| ISBN | 978-607-481-615-0 |
| 035 ## - Número de ficha (Janium) | |
| Número de ficha (Janium) | 17648 |
| 041 ## - CÓDIGO DE IDIOMA | |
| Código de idioma para texto/pista de sonido o título separado | spa |
| 050 ## - SIGNATURA TOPOGRAFICA DE LA BIBLIOTECA DEL CONGRESO (LC) | |
| Número de Clasificación | QC320 |
| Cutter | K7 2012 |
| 082 ## - NUMERO DE CLASIFICACION DECIMAL DEWEY | |
| Número de Clasificación | 536.2 |
| Cutter | K92p 2012 |
| 100 1# - ASIENTO PRINCIPAL--NOMBRE PERSONAL | |
| Nombre personal | Kreith, Frank |
| 245 ## - TÍTULO | |
| Título | Transferencia de calor / |
| Mención de responsabilidad, etc. | Frank Kreith |
| 250 ## - MENCIÓN DE EDICIÓN | |
| Mención de edición | 7 |
| 260 ## - PUBLICACIÓN, DISTRIBUCIÓN, ETC. (PIE DE IMPRENTA) | |
| Lugar de publicación, distribución, etc. | Mexico: |
| Nombre del editor, distribuidor, etc. | Cengage Learning |
| Fecha de publicación, distribución, etc. | 2012 |
| 300 ## - DESCRIPCIÓN FÍSICA | |
| Extensión | xxl, 696 p. |
| Otros detalles físicos | il. / |
| Dimensiones | 25 cm |
| 650 ## - ASIENTO SECUNDARIO DE MATERIA - TERMINO TEMÁTICO | |
| Término temático o nombre geográfico como elemento de entrada | 1. TRASMISION DE CALOR \ 2. PRINCIPIOS DE TRANSFERENCIA DE CALOR |
| 942 ## - TIPO DE MATERIAL (KOHA) | |
| Koha item type | Libros |
| No. biblioteca | No. biblioteca | Número de clasificación | Código de barras/Número de adquisición | Número de copia | Tipo de material | Otras carreras |
|---|---|---|---|---|---|---|
| ÁREA DE ELECTROMECÁNICA | LUIS G. INCLAN | 536.2 K92p 2012 | 54577 | 2 | Libros | LUIS G. INCLAN |
| ÁREA DE ELECTROMECÁNICA | MAESTRÍA C. ELECTRÓNICA | 536.2 K92p 2012 | 54576 | 1 | Libros | LUIS G. INCLAN |
